000 00886nam1a22002651i 4500
001 rc\2877379
005 20240726110151.0
035 _a(NLR Aleph) 007030422
090 _a5997642
_c5997642
100 _a20110718d1930 |||y0rusy50 ca
101 1 _arus
_ceng
102 _aRU
105 _ay z |||||
200 1 _aСказание о Форсайтах
_eТ. I-
_fДжон Голсуорси
210 _aМосква
_aЛенинград
_cЗемля и фабрика
_d1930
_eМосква
_gтип. "Красный пролетарий"
215 _d21×14 см
300 _aОбложка на рус. и англ. яз.
300 _aОбложка: С. Левин
700 1 _aГелсуорси
_bД.
_f1867-1933
_gДжон
801 0 _aRU
_bNLR
_gpsbo
801 1 _aRU
_bELAR
_2rusmarc
852 _aNLR
_jЛ60 В-3/64
852 _aNLR
_j77/390
942 _cBOOK